Uplatnenie konkrétnych výsledkov vedeckotechnického rozvoja v priemyselnej energetike 18. konferencia priemyselných energetikov
Enregistré dans:
| Format: | Livre |
|---|---|
| Langue: | slovaque |
| Publié: |
Bratislava
Dom techn. ČSVTS
1986
|
| Édition: | 1. vyd. |
| Tags: |
Pas de tags, Soyez le premier à ajouter un tag!
|
MARC
| LEADER | 00000nam a2200000 4500 | ||
|---|---|---|---|
| 001 | c034239 | ||
| 005 | 20221219101007.4 | ||
| 041 | 0 | |a slo | |
| 044 | |a SK | ||
| 245 | 1 | 0 | |a Uplatnenie konkrétnych výsledkov vedeckotechnického rozvoja v priemyselnej energetike |b 18. konferencia priemyselných energetikov |
| 250 | |a 1. vyd. | ||
| 264 | 1 | |a Bratislava |b Dom techn. ČSVTS |c 1986 | |
| 300 | |a 112 s. | ||